| 000 | 00985nam a2200181Ia 4500 | ||
|---|---|---|---|
| 008 | 100921s9999 xx 000 0 und d | ||
| 082 |
_b30342 _a294.563 थ 95 |
||
| 100 | _aदेहुकर श्रीधरबुआ,मोरे सदानंद,संपा. | ||
| 245 | _aश्री तुकाराम महाराज पालखी सोहळा उगम व विकास. | ||
| 260 |
_bविश्वस्त श्री विट्ठल रखुमाई संस्था,देहु. _c1995 |
||
| 300 |
_a48 _bनेने. |
||
| 365 | _b10 | ||
| 520 | _aधर्म-संत संहित्य. | ||
| 630 | _aश्री तुकाराम महाराज पालखी सोहळा उगम व विकास. | ||
| 650 | _aधर्म-संत संहित्य. | ||
| 730 | _aश्री तुकाराम महाराज पालखी सोहळा उगम व विकास. | ||
| 942 | _cBOOK | ||
| 999 |
_c779455 _d779452 |
||